• 首页
  • 本馆介绍
  • 公告通知
  • 最新文献
  • 馆藏检索
  • 电子资源
  • 读者导购
  • 参考咨询
  • 我的图书馆
  • 登录
  • 详细信息显示
  • 放入我的书架
  • 预约/预借图书
  • 作者相关作品
  • 分类相关作品
  • 丛书相关作品
  • 出版社相关作品

书目信息

  • 表格格式
  • 工作单格式
  • 卡片格式
题名:
代数与初等函数
    
 
作者: 王国梁 编
分册: 下册  
出版信息: 南昌   江西人民出版社  1980
页数: 556页
开本: 19cm
丛书名:
单 册:
中图分类: O122 , O171 , O12
科图分类:
主题词: 初等代数--高等师范教育--教材 , 初等函数--高等师范教育--教材 , 初等数学
电子资源:
ISBN:
000 00788nam0 2200289 45
001 0180005365
005 20070719165457.62
010    @dCNY1.37
091    @a7110.601
100    @a19950426d1980 demy0chiy0121 ea
101 0  @achi
102    @aCN@b360000
105    @ay z 000yy
200 10 @a代数与初等函数@Adai shu yu chu deng han shu@h下册@f王国梁等编
210    @a南昌@c江西人民出版社@d1980
215    @a556页@d19cm
300    @a上海市中学教师进修教材
606    @a初等代数@x高等师范教育@x教材
606    @a初等函数@x高等师范教育@x教材
606 0  @a初等数学
690    @aO122@v3
690    @aO171@v3
690    @aO12
701  0 @a王国梁@Awang guo liang@4编
801  2 @aCN@bNLC@c20070719
801  0 @aCN@b上海图书馆@c20070704
905    @f4@b147871-874@dO12@e31:2
    
    代数与初等函数.下册/王国梁等编.-南昌:江西人民出版社,1980
    556页;19cm
    上海市中学教师进修教材
    
    ISBN :CNY1.37
    
●
相关链接 在E读中查询图书 在五车中查询图书 在当当中查询图书 在豆瓣中查询图书


正题名:代数与初等函数     索取号:O12/31:2         预约/预借

序号 登录号 条形码 馆藏地/架位号 状态 备注
1 0147071   001246342   密集书库/ [索取号:O12/31:2] 在馆    
2 0147072   001246299   密集书库/ [索取号:O12/31:2] 在馆    
3 0147073   001246351   第三借阅区/ [索取号:O12/31:2] 在馆    
4 0147074   001246360   密集书库/ [索取号:O12/31:2] 在馆    
5 0147075   202093297   第二样本阅览室/ [索取号:O12/31:2] 在馆    
6 0765163   207651637   密集书库/ [索取号:O12/31:2] 在馆    
7 0765564   207655642   密集书库/ [索取号:O12/31:2] 在馆    
8 0767429   207674293   密集书库/ [索取号:O12/31:2] 在馆    
唐山师范学院图书馆 欢迎您!
大连网信软件有限公司© 版权所有